00682 2200181 4500245004000000020002200040250001100062100001900073700001800092650002000110005001900130260003000149041001400179084000800193300002900201500026100230336000900491 aShe's NatashacThiarany PutrihText a978-602-74863-1-7 aCet. 1 aThiarany Putri aHayatun Nufus aNovel Indonesia a20231010104925 aJakartabMoka Mediac2016 aIndonesia a813 aviii, 278 hlm. :c19 cm. aNatasha tanpa gabriel.Seperti ikan yang kehilangan air.seperti manusia yang kehilangan oksigen.seluruhnya rapuh dan tak bermakna.gabriel tanpa natasha.seperti musik tanpa nada seperti lagu tanpa suara.seperti alunan tanpa getar.sepenuhnya sepi dan rumpang. atext